Principios e imputación en el Derecho Penal internacional
Պահպանված է:
| Հիմնական հեղինակ: | |
|---|---|
| Ձևաչափ: | Գիրք |
| Լեզու: | իսպաներեն |
| Հրապարակվել է: |
Barcelona
Atelier
2008
|
| Շարք: | Justicia Penal, 16
|
| Խորագրեր: | |
| Ցուցիչներ: |
Ավելացրեք ցուցիչ
Չկան պիտակներ, Եղեք առաջինը, ով նշում է այս գրառումը!
|
MARC
| LEADER | 00000nam a2200000 a 4500 | ||
|---|---|---|---|
| 001 | UCG5272 | ||
| 003 | CL-VaPUC | ||
| 008 | 110120e20080000SP |||||||||||||||||spa|d | ||
| 020 | |a 9788496758599 | ||
| 082 | 0 | 4 | |a 341.77 |b AMB |2 21 |
| 100 | 0 | |a Ambos, Kai |e author |9 554915 | |
| 245 | 1 | 0 | |a Principios e imputación en el Derecho Penal internacional |
| 300 | |a 116 p | ||
| 942 | |c BK | ||
| 945 | |d 20110120 00:00:00 |a dcastane | ||
| 260 | |a Barcelona |b Atelier |c 2008 | ||
| 650 | 0 | |a Derecho penal internacional |9 371889 | |
| 650 | 7 | |a DERECHO PENAL |2 CL-VaPUC |9 11 | |
| 650 | 0 | |a Derechos humanos |9 223025 | |
| 650 | 7 | |a IMPUNIDAD |2 CL-VaPUC |9 356964 | |
| 650 | 0 | |a Estado de derecho |9 257795 | |
| 650 | 0 | |a Derecho constitucional |9 222588 | |
| 650 | 7 | |a JURISDICCION MILITAR |2 CL-VaPUC |9 408179 | |
| 650 | 7 | |a ORGANISMO JUDICIAL |2 CL-VaPUC |9 554916 | |
| 650 | 0 | |a Delitos |9 224143 | |
| 583 | |a last modification |c 20110120 00:00:00 |k Rodrigo Vera | ||
| 490 | 0 | |a Justicia Penal, 16 | |
| 999 | |c 343825 |d 343823 | ||
| 952 | |0 0 |1 0 |4 0 |6 341_770000000000000_AMB_2008 |7 0 |8 A |9 441453 |a BIBDER |b BIBDER |d 2019-11-22 |i 4746708 |l 2 |o 341.77 AMB 2008 |p 4746708 |r 2023-01-25 |s 2022-08-29 |w 2019-11-22 |y BK |k DER | ||